Kotvová patróna z plastového materiálu

Bibliographic Details
Corporate Author: Upat GmbH & Co. (Emmendingen, Nemecko) (Patent holder)
Other Authors: Weber, Christian (Originator), Moser, Roland (Originator), Schätzle, Joachim (Originator), Grün, Jürgen (Originator)
Format: Book
Language:Slovak
PhysicalDescription:5 s. obr. 30 cm
Published: [Banská Bystrica] Úrad priemyselného vlastníctva SR [2004]
Subjects:

MARC

LEADER 00000cam a2200000 a 4500
001 vtls009874384
003 SK-MaSNL
005 20260301025828.0
008 251120s2004 xo a rj f000 0 slo
013 |a 284031  |b gw  |c patent  |d 20040803  |e dátum nadobudnutia účinkov patentu (Vestník ÚPV SR č.: 8/2004)  |d 20040721  |e dátum sprístupnenia patentu 
013 |a 1665-99  |e číslo prihlášky  |d 19980519  |e dátum podania prihlášky  |d 20000516  |e dátum zverejnenia prihlášky (Vestník ÚPV SR č.: 05/2000) 
013 |a 197 23 136.5, 198 12 818.5  |e číslo prioritnej prihlášky  |d 19970603, 19980324  |e dátum podania prioritnej prihlášky  |b DE, DE  |e kód krajiny prioritnej prihlášky 
015 |a SNBN2014 
035 |a (SVKBBclas03)vtls000217290 
040 |a SNK  |b slo  |c SNK  |e AACR2 
041 0 |a slo 
044 |a xo  |c SK 
072 7 |a 69  |x Stavebníctvo  |2 konspekt 
072 7 |a 624  |x Stavebné inžinierstvo  |2 konspekt 
080 |a 69-218.8  |2 2001 
080 |a 624.078.7  |2 2001 
084 |a F16B 13/14  |2 IPC 
245 0 0 |a Kotvová patróna z plastového materiálu  |c Jürgen Grün ... [et al.] ; patent. zást. Zuzana Hörmannová 
260 |a [Banská Bystrica]  |b Úrad priemyselného vlastníctva SR  |c [2004] 
300 |a 5 s.  |b obr.  |c 30 cm 
650 0 7 |a upevňovacia technika  |2 SNKPH  |9 74311 
650 0 7 |a Fastening  |2 SNKPHeng  |9 322570 
650 0 7 |a kotvenie konštrukcií  |2 SNKPH  |9 132587 
650 0 7 |a Anchorage of structures  |2 SNKPHeng  |9 322571 
655 7 |a patenty  |2 SNKPH  |9 177343 
655 7 |a patent licenses  |2 SNKPHeng  |9 303430 
700 1 |a Weber, Christian  |4 org  |9 322572 
700 1 |a Moser, Roland  |4 org  |9 322573 
700 1 |a Schätzle, Joachim  |4 org  |9 322574 
700 1 |a Hörmannová, Zuzana  |4 oth  |9 303433 
700 1 |a Grün, Jürgen  |4 org  |9 322575 
710 2 |a Upat GmbH & Co. (Emmendingen, Nemecko)  |4 pth  |9 322576 
999 |c 573318  |d 575248 
952 |a SNK  |b SNK  |y PREZ  |7 0  |p 17A0467431  |o snkSK 284031  |i snk2005/9095  |8 0  |0 0  |1 0  |4 0  |d 2005-05-30  |l 0  |r 2026-02-23 14:23:34  |w 2026-02-23